| 000 | 01274nam2a22002531 4500 | ||
|---|---|---|---|
| 001 | rc\4933806 | ||
| 005 | 20250612205925.0 | ||
| 021 |
_aRU _bРг7431-62 |
||
| 035 | _a(NLR Aleph) 008847787 | ||
| 090 |
_a8381639 _c8381639 |
||
| 100 | _a20130426d1962 |||y0rusy50 ca | ||
| 101 | 0 | _arus | |
| 102 | _aRU | ||
| 105 | _aa z ||||| | ||
| 200 | 1 |
_aОпределение плотности тел правильной геометрической формы _f[Сост.: В.Б. Окунев] |
|
| 210 |
_d1962 _aБ. м. |
||
| 215 |
_a19 с. _cил. |
||
| 461 | 0 |
_1001rc\4933805 _12001#$aРуководство к лабораторным работам по физике (механика)$eДля студентов-заочников$e[1]-$fБелорус. политехн. ин-т. Кафедра физики$v[1] _98381634 _cМинск _d1962 _fБелорус. политехн. ин-т. Кафедра физики _nИзд-во МВСС и ПО БССР _oДля студентов-заочников : [1]- _tРуководство к лабораторным работам по физике (механика) _v[1] |
|
| 702 | 1 |
_aОкунев _bВ.Б. _4220 |
|
| 801 | 0 |
_aRU _bNLR _gpsbo |
|
| 801 | 1 |
_aRU _bELAR _2rusmarc |
|
| 852 |
_aNLR _j62-4/16100 |
||
| 942 | _cBOOK | ||
| 980 | _aNB | ||